[Event "LSS No Engine Cup 86 Preliminary 7"]
[Site "LSS email"]
[Date "2013.04.21"]
[Round "?"]
[White "Lewis, Jerome A"]
[Black "Lacunza, Mario"]
[Result "0-1"]
[WhiteElo "835"]
[BlackElo "1874"]
[PlyCount "84"]
[EventDate "2013.04.22"]
[EventType "tourn (corr)"]
[EventRounds "6"]
[EventCountry "GER"]
[SourceTitle "Telechess CBM 161"]
[Source "ChessBase"]
[SourceDate "2014.07.16"]
[SourceVersion "1"]
[SourceVersionDate "2014.07.16"]
[SourceQuality "1"]

1. Nf3 d5 2. d4 Nf6 3. g3 e6 4. Bg2 c5 5. c3 Be7 6. 0-0 0-0 7. Nbd2 Nc6 8. Re1 Qb6 9. e4 cxd4 10. cxd4 Nxd4 11. exd5 Nxd5 12. Nc4 Nxf3+ 13. Bxf3 Qa6 14. Ne3 Nb4 15. a3 Rd8 16. Qe2 Qxe2 17. Rxe2 Nc6 18. Rd2 Nd4 19. Bg2 e5 20. Rd3 Ne2+ 21. Kf1 Nxg3+ 22. hxg3 Rxd3 23. Ke2 Rb3 24. Bd5 Rb6 25. b4 Be6 26. Bb2 Rd8 27. Rd1 f6 28. Bxe6+ Rxe6 29. Nd5 Kf7 30. Ne3 Rxd1 31. Kxd1 Rd6+ 32. Ke2 Ke6 33. Nc4 Rc6 34. Ne3 h5 35. Kd3 g5 36. Bc3 h4 37. gxh4 gxh4 38. Bd2 h3 39. Nf1 f5 40. f3 e4+ 41. Ke3 Rd6 42. Kf2 Rxd2+ 0-1

[Event "LSS No Engine Cup 86 Preliminary 7"]
[Site "LSS email"]
[Date "2013.04.21"]
[Round "?"]
[White "Lewis, Jerome A"]
[Black "Poblete, Litos"]
[Result "0-1"]
[WhiteElo "835"]
[BlackElo "1680"]
[PlyCount "74"]
[EventDate "2013.04.22"]
[EventType "tourn (corr)"]
[EventRounds "6"]
[EventCountry "GER"]
[SourceTitle "Telechess CBM 161"]
[Source "ChessBase"]
[SourceDate "2014.07.16"]
[SourceVersion "1"]
[SourceVersionDate "2014.07.16"]
[SourceQuality "1"]

1. d4 Nf6 2. c4 e6 3. Nc3 Bb4 4. e3 0-0 5. Nge2 d5 6. a3 Be7 7. cxd5 exd5 8. Qc2 Re8 9. Nf4 c6 10. Bd3 Bd6 11. 0-0 Qc7 12. h3 b6 13. Re1 Bxf4 14. Bd2 Bh2+ 15. Kh1 Bd6 16. b4 Ba6 17. Bxa6 Nxa6 18. Qd3 Qb7 19. b5 Nc7 20. bxc6 Qxc6 21. a4 Ne4 22. Nxe4 Rxe4 23. f3 Rh4 24. Rec1 Qd7 25. Kg1 Re8 26. Be1 Rh6 27. Bf2 Rg6 28. Kf1 Qe7 29. Re1 Qg5 30. g4 h5 31. h4 Qe7 32. g5 Re6 33. Ra2 Qd7 34. Qf5 g6 35. Qh3 Qc6 36. Kg2 Qc4 37. Raa1 Na6 0-1

[Event "ZL-2013-0-01282"]
[Site "LSS email"]
[Date "2013.04.18"]
[Round "?"]
[White "Lenz, Juergen"]
[Black "Lewis, Jerome A"]
[Result "1-0"]
[WhiteElo "1083"]
[BlackElo "835"]
[PlyCount "101"]
[EventDate "2013.04.10"]
[EventType "match (corr)"]
[EventRounds "2"]
[EventCountry "GER"]
[SourceTitle "Telechess CBM 161"]
[Source "ChessBase"]
[SourceDate "2014.07.16"]
[SourceVersion "1"]
[SourceVersionDate "2014.07.16"]
[SourceQuality "1"]

1. d4 e6 2. Nf3 Nf6 3. Bf4 d5 4. e3 Be7 5. Bd3 c5 6. c3 Nbd7 7. Ne5 Nxe5 8. dxe5 Nd7 9. Bg3 0-0 10. 0-0 Re8 11. Nd2 g6 12. f4 Bf8 13. Nf3 h6 14. Qc2 Bg7 15. Bh4 Qc7 16. e4 c4 17. Be2 b6 18. exd5 exd5 19. Bf2 Nc5 20. Nd4 a6 21. Bf3 Be6 22. Nxe6 fxe6 23. Bxc5 Qxc5+ 24. Qf2 Bf8 25. Rad1 Qb5 26. Qg3 Kh7 27. h4 Bc5+ 28. Kh1 Ra7 29. Rd2 a5 30. Bd1 Rg7 31. Bc2 Qc6 32. h5 Reg8 33. hxg6+ Rxg6 34. Rf3 Qe8 35. Qh3 Kh8 36. Bxg6 Qxg6 37. f5 exf5 38. Qxf5 Be7 39. Qxg6 Rxg6 40. Rxd5 Kg8 41. Rf4 Rc6 42. Rdd4 b5 43. Rd5 Bg5 44. Re4 b4 45. Rd6 Rc5 46. e6 bxc3 47. bxc3 Kf8 48. Rd7 Ke8 49. Ra7 Bd2 50. e7 Bxc3 51. Ra8+ 1-0

[Event "SF-2013-0-00191"]
[Site "LSS email"]
[Date "2013.03.29"]
[Round "?"]
[White "Batres Bianchi, Luis Carlos"]
[Black "Lewis, Jerome A"]
[Result "1-0"]
[WhiteElo "1082"]
[BlackElo "835"]
[PlyCount "68"]
[EventDate "2013.02.13"]
[EventType "tourn (corr)"]
[EventRounds "6"]
[EventCountry "GER"]
[SourceTitle "Telechess CBM 163"]
[Source "ChessBase"]
[SourceDate "2014.11.11"]
[SourceVersion "2"]
[SourceVersionDate "2014.11.11"]
[SourceQuality "1"]

1. Nf3 d5 2. b3 Nf6 3. Bb2 c5 4. d3 e6 5. Nbd2 Nbd7 6. g3 Bd6 7. Bg2 0-0 8. 0-0 b5 9. c4 bxc4 10. dxc4 d4 11. Qc2 Bb7 12. Rad1 Qc7 13. Rfe1 Rfe8 14. e3 e5 15. exd4 exd4 16. b4 cxb4 17. Bxd4 a5 18. Re3 Rxe3 19. Bxe3 Rc8 20. Qd3 Nc5 21. Qf5 Nce4 22. Nxe4 Bxe4 23. Qh3 h6 24. Rxd6 Qxc4 25. Ne5 Qc2 26. Bxe4 Nxe4 27. Rd7 Rf8 28. Qf5 Qb1+ 29. Kg2 Nc3 30. Qxb1 Nxb1 31. Ra7 f6 32. Nc6 Na3 33. Nxa5 Rc8 34. Nb3 Nb5 1-0

[Event "SF-2013-0-00191"]
[Site "LSS email"]
[Date "2013.03.29"]
[Round "?"]
[White "Lewis, Jerome A"]
[Black "Raines, David T"]
[Result "0-1"]
[WhiteElo "835"]
[BlackElo "941"]
[PlyCount "78"]
[EventDate "2013.02.13"]
[EventType "tourn (corr)"]
[EventRounds "6"]
[EventCountry "GER"]
[SourceTitle "Telechess CBM 163"]
[Source "ChessBase"]
[SourceDate "2014.11.11"]
[SourceVersion "2"]
[SourceVersionDate "2014.11.11"]
[SourceQuality "1"]

1. e4 e6 2. d4 d5 3. Nc3 Nf6 4. e5 Nfd7 5. Nce2 c5 6. c3 Nc6 7. f4 Qb6 8. Nf3 cxd4 9. Nexd4 a6 10. Be2 Nc5 11. 0-0 Ne4 12. Kh1 Bd7 13. Qb3 Qa7 14. Be3 Bc5 15. Rad1 0-0 16. Qc2 b5 17. Nxc6 Bxc6 18. Bd4 Rac8 19. b4 Bb6 20. Ng5 Bxd4 21. Nxe4 dxe4 22. cxd4 Rfd8 23. Qc5 Qb7 24. Qc3 e3 25. Qxe3 Bxg2+ 26. Kg1 Bxf1 27. Bxf1 Qc6 28. Bd3 Qc3 29. Qe4 g6 30. Bb1 Qb2 31. d5 exd5 32. Qg2 Qxg2+ 33. Kxg2 d4 34. Kf3 Rc3+ 35. Ke4 Rc4 36. Kf3 Rxb4 37. Bc2 a5 38. h3 a4 39. Rd3 Rb2 0-1

[Event "SF-2013-0-00191"]
[Site "LSS email"]
[Date "2013.03.29"]
[Round "?"]
[White "Van't Hof, Gert"]
[Black "Lewis, Jerome A"]
[Result "1-0"]
[WhiteElo "1184"]
[BlackElo "835"]
[PlyCount "25"]
[EventDate "2013.02.13"]
[EventType "tourn (corr)"]
[EventRounds "6"]
[EventCountry "GER"]
[SourceTitle "Corr 2015"]
[Source "ChessBase"]
[SourceDate "2015.07.17"]
[SourceVersion "1"]
[SourceVersionDate "2015.07.17"]
[SourceQuality "1"]

1. e4 e6 2. d4 d5 3. Nc3 Bb4 4. Nge2 dxe4 5. a3 Bxc3+ 6. Nxc3 Nf6 7. Bg5 Nbd7 8. Nxe4 0-0 9. Qf3 h6 10. h4 Qe7 11. 0-0-0 b6 12. Nxf6+ Nxf6 13. Bxf6 1-0

[Event "SF-2013-0-00189"]
[Site "LSS email"]
[Date "2013.03.04"]
[Round "?"]
[White "Hlavinkova, Libuska"]
[Black "Lewis, Jerome A"]
[Result "1-0"]
[WhiteElo "1542"]
[BlackElo "835"]
[PlyCount "45"]
[EventDate "2013.01.21"]
[EventType "tourn (corr)"]
[EventRounds "6"]
[EventCountry "GER"]
[SourceTitle "Telechess CBM 161"]
[Source "ChessBase"]
[SourceDate "2014.07.16"]
[SourceVersion "1"]
[SourceVersionDate "2014.07.16"]
[SourceQuality "1"]

1. e4 Nf6 2. e5 Nd5 3. d4 d6 4. c4 Nb6 5. f4 g6 6. Nf3 Bg7 7. Nc3 c6 8. Be3 Bg4 9. Be2 0-0 10. 0-0 N8d7 11. Rc1 dxe5 12. fxe5 e6 13. Qb3 a5 14. h3 Bxf3 15. Bxf3 a4 16. Qb4 Re8 17. Ne4 Qc7 18. Nd6 Red8 19. c5 Nd5 20. Bxd5 Nxe5 21. dxe5 Bxe5 22. Rxf7 Qxf7 23. Nxf7 1-0

[Event "LSS No Engine Cup 83 Preliminary 5"]
[Site "LSS email"]
[Date "2013.02.27"]
[Round "?"]
[White "Barna, Zsolt"]
[Black "Lewis, Jerome A"]
[Result "1-0"]
[WhiteElo "1380"]
[BlackElo "835"]
[PlyCount "51"]
[EventDate "2013.02.28"]
[EventType "tourn (corr)"]
[EventRounds "6"]
[EventCountry "GER"]
[SourceTitle "Telechess CBM 161"]
[Source "ChessBase"]
[SourceDate "2014.07.16"]
[SourceVersion "1"]
[SourceVersionDate "2014.07.16"]
[SourceQuality "1"]

1. e4 e6 2. d4 d5 3. Nd2 Nf6 4. e5 Nfd7 5. Bd3 c5 6. c3 Nc6 7. Ne2 Be7 8. 0-0 Nb6 9. f4 0-0 10. Nf3 Bd7 11. dxc5 Bxc5+ 12. Ned4 Nxd4 13. cxd4 Be7 14. b3 Rc8 15. Qe1 a6 16. Bd2 Rc6 17. a4 Na8 18. Ba5 b6 19. Bb4 Bxb4 20. Qxb4 a5 21. Qa3 Nc7 22. Rfc1 Qa8 23. Qe7 Rd8 24. Ng5 Be8 25. Bxh7+ Kh8 26. Qf8# 1-0

[Event "LSS No Engine Cup 83 Preliminary 5"]
[Site "LSS email"]
[Date "2013.02.27"]
[Round "?"]
[White "Kocher, Robert"]
[Black "Lewis, Jerome A"]
[Result "0-1"]
[WhiteElo "961"]
[BlackElo "835"]
[PlyCount "30"]
[EventDate "2013.02.28"]
[EventType "tourn (corr)"]
[EventRounds "6"]
[EventCountry "GER"]
[SourceTitle "Corr 2015"]
[Source "ChessBase"]
[SourceDate "2015.07.17"]
[SourceVersion "1"]
[SourceVersionDate "2015.07.17"]
[SourceQuality "1"]

1. e4 d6 2. d4 Nf6 3. Nc3 Nbd7 4. Be3 e5 5. Nf3 c6 6. a4 a5 7. Bc4 Be7 8. Bxf7+ Kxf7 9. Ng5+ Kg8 10. Ne6 Qb6 11. Rb1 Nf8 12. Nxf8 exd4 13. Bxd4 c5 14. Bxf6 Bxf6 15. Nb5 Kxf8 0-1

[Event "OP-2013-0-02660"]
[Site "LSS email"]
[Date "2013.02.23"]
[Round "?"]
[White "Molina, Vicente Andres"]
[Black "Lewis, Jerome A"]
[Result "1/2-1/2"]
[WhiteElo "773"]
[BlackElo "835"]
[PlyCount "69"]
[EventDate "2013.02.19"]
[EventType "tourn (corr)"]
[EventRounds "4"]
[EventCountry "GER"]
[SourceTitle "Telechess CBM 161"]
[Source "ChessBase"]
[SourceDate "2014.07.16"]
[SourceVersion "1"]
[SourceVersionDate "2014.07.16"]
[SourceQuality "1"]

1. e4 d6 2. d4 Nf6 3. Nc3 g6 4. f4 Bg7 5. Nf3 0-0 6. Bd3 e6 7. 0-0 Nbd7 8. d5 exd5 9. exd5 Nc5 10. Be2 Re8 11. Re1 a6 12. Ng5 Nfe4 13. Ncxe4 Nxe4 14. Nxe4 Bf5 15. Bd3 Qd7 16. c3 Re7 17. Nf2 Rae8 18. Rxe7 Rxe7 19. Bd2 c6 20. dxc6 Qxc6 21. Bxf5 gxf5 22. Nd3 Re6 23. Ne1 Qc5+ 24. Kf1 Qc4+ 25. Kf2 d5 26. Qf3 d4 27. cxd4 Bxd4+ 28. Kg3 Bxb2 29. Rd1 Rc6 30. Nd3 Qxa2 31. Nxb2 Qxb2 32. Be3 Rg6+ 33. Kh3 Rh6+ 34. Kg3 Rg6+ 35. Kh3 1/2-1/2

[Event "BI-2012-F-00021"]
[Site "LSS email"]
[Date "2013.02.15"]
[Round "?"]
[White "Lewis, Jerome A"]
[Black "Booth, Grahame"]
[Result "1-0"]
[WhiteElo "835"]
[BlackElo "1123"]
[PlyCount "59"]
[EventDate "2013.02.20"]
[EventType "tourn (corr)"]
[EventRounds "10"]
[EventCountry "GER"]
[SourceTitle "Telechess CBM 161"]
[Source "ChessBase"]
[SourceDate "2014.07.16"]
[SourceVersion "1"]
[SourceVersionDate "2014.07.16"]
[SourceQuality "1"]

1. e4 c5 2. Nf3 g6 3. d3 Bg7 4. Be2 Nc6 5. c3 d6 6. Na3 Nf6 7. 0-0 0-0 8. Bd2 e5 9. b4 Qb6 10. Nc4 Qc7 11. a4 cxb4 12. cxb4 Be6 13. Rc1 Bxc4 14. Rxc4 Qd7 15. b5 Ne7 16. Qc2 Rac8 17. Be3 d5 18. exd5 Nfxd5 19. Qd2 Nf5 20. Bc5 Rfd8 21. Rfc1 Bh6 22. Qc2 Bxc1 23. Qxc1 Nf4 24. Rxf4 exf4 25. Qa3 Qd5 26. Bxa7 Rc2 27. Bf1 Ra8 28. Ne1 Ra2 29. Qc5 Rc8 30. Qxd5 1-0

[Event "LSS No Engine Cup 82 Preliminary 1"]
[Site "LSS email"]
[Date "2013.02.15"]
[Round "?"]
[White "Lewis, Jerome A"]
[Black "Svrsek, Radomir Jr"]
[Result "0-1"]
[WhiteElo "835"]
[BlackElo "1916"]
[PlyCount "68"]
[EventDate "2013.02.16"]
[EventType "tourn (corr)"]
[EventRounds "6"]
[EventCountry "GER"]
[SourceTitle "Telechess CBM 161"]
[Source "ChessBase"]
[SourceDate "2014.07.16"]
[SourceVersion "1"]
[SourceVersionDate "2014.07.16"]
[SourceQuality "1"]

1. Nf3 d5 2. d4 Nf6 3. e3 Bg4 4. Be2 Nc6 5. Nbd2 a6 6. c4 e6 7. h3 Bxf3 8. Nxf3 Bb4+ 9. Bd2 Bxd2+ 10. Nxd2 e5 11. Nb3 dxc4 12. Bxc4 exd4 13. Nxd4 Nxd4 14. exd4 0-0 15. 0-0 Qd6 16. a4 Rae8 17. Qd3 Re4 18. Rad1 c6 19. Rfe1 Rxe1+ 20. Rxe1 Rd8 21. Rd1 g6 22. g4 b5 23. axb5 axb5 24. Ba2 Nd5 25. Bxd5 Qxd5 26. Rc1 h5 27. f3 Qd6 28. Kg2 h4 29. Kh1 Qf4 30. Rxc6 Re8 31. Qd1 Qg3 32. Rc1 Qxh3+ 33. Kg1 Qg3+ 34. Kf1 h3 0-1

[Event "BI-2012-F-00021"]
[Site "LSS email"]
[Date "2013.02.15"]
[Round "?"]
[White "Lewis, Jerome A"]
[Black "Tittarelli, Adriano"]
[Result "1/2-1/2"]
[WhiteElo "835"]
[BlackElo "1100"]
[PlyCount "123"]
[EventDate "2013.02.20"]
[EventType "tourn (corr)"]
[EventRounds "10"]
[EventCountry "GER"]
[SourceTitle "Telechess CBM 161"]
[Source "ChessBase"]
[SourceDate "2014.07.16"]
[SourceVersion "1"]
[SourceVersionDate "2014.07.16"]
[SourceQuality "1"]

1. Nf3 d6 2. g3 c6 3. d4 g6 4. Bg2 Bg7 5. 0-0 Nd7 6. e4 e6 7. c3 Ne7 8. Nbd2 0-0 9. Re1 d5 10. exd5 exd5 11. Nf1 Nf6 12. Qb3 Nf5 13. Bf4 Qb6 14. Ne3 Nxe3 15. Rxe3 Qxb3 16. axb3 a6 17. Ne5 Nh5 18. Nd3 Nxf4 19. Nxf4 Bf5 20. Bf1 Rae8 21. Rae1 Rxe3 22. Rxe3 Bh6 23. Re7 Bxf4 24. gxf4 Bc8 25. c4 dxc4 26. bxc4 Kg7 27. Bg2 Rd8 28. Rc7 Kf6 29. d5 cxd5 30. Bxd5 Be6 31. Bxb7 Bh3 32. Bd5 Be6 33. Bxe6 Kxe6 34. Rc6+ Kf5 35. Rxa6 Rb8 36. Kg2 Rxb2 37. Kg3 Rc2 38. Rc6 h5 39. Rc5+ Kf6 40. h4 Rc3+ 41. f3 Rc1 42. f5 gxf5 43. Kf4 Rf1 44. Rxf5+ Kg6 45. Rg5+ Kh6 46. c5 Rc1 47. Rd5 Rc4+ 48. Kf5 Rxh4 49. Rd6+ Kg7 50. f4 Rh1 51. c6 Rc1 52. Kg5 Rc5+ 53. f5 h4 54. Rh6 h3 55. Rxh3 Rxc6 56. f6+ Kg8 57. Rg3 Kf8 58. Rb3 Kg8 59. Rb5 Kh7 60. Kf5 Ra6 61. Rc5 Rb6 62. Kg5 1/2-1/2

[Event "LSS No Engine Cup 82 Preliminary 1"]
[Site "LSS email"]
[Date "2013.02.15"]
[Round "?"]
[White "Lewis, Jerome A"]
[Black "Wantoch Rekowski, Jacek"]
[Result "0-1"]
[WhiteElo "835"]
[BlackElo "1794"]
[PlyCount "56"]
[EventDate "2013.02.16"]
[EventType "tourn (corr)"]
[EventRounds "6"]
[EventCountry "GER"]
[SourceTitle "Telechess CBM 161"]
[Source "ChessBase"]
[SourceDate "2014.07.16"]
[SourceVersion "1"]
[SourceVersionDate "2014.07.16"]
[SourceQuality "1"]

1. d4 d5 2. Nf3 Nf6 3. e3 e6 4. Be2 Bd6 5. Nbd2 Nbd7 6. c4 b6 7. a3 0-0 8. 0-0 Ne4 9. Nb3 Bb7 10. Nfd2 a5 11. f3 Nef6 12. Qc2 c5 13. dxc5 bxc5 14. Nb1 a4 15. N3d2 Qc7 16. f4 d4 17. Nf3 Rfd8 18. exd4 cxd4 19. Nxd4 Qb6 20. Be3 Bc5 21. Nc3 Bxd4 22. Bf2 Bxf2+ 23. Rxf2 Nc5 24. Kf1 Nfe4 25. Bf3 Nxf2 26. Qxf2 Bxf3 27. gxf3 Qb3 28. Qxc5 Qxb2 0-1

[Event "BI-2012-F-00021"]
[Site "LSS email"]
[Date "2013.02.15"]
[Round "?"]
[White "Molina, Vicente Andres"]
[Black "Lewis, Jerome A"]
[Result "1-0"]
[WhiteElo "773"]
[BlackElo "835"]
[PlyCount "63"]
[EventDate "2013.02.20"]
[EventType "tourn (corr)"]
[EventRounds "10"]
[EventCountry "GER"]
[SourceTitle "Telechess CBM 161"]
[Source "ChessBase"]
[SourceDate "2014.07.16"]
[SourceVersion "1"]
[SourceVersionDate "2014.07.16"]
[SourceQuality "1"]

1. c4 Nf6 2. Nc3 e6 3. d4 Bb4 4. a3 Bxc3+ 5. bxc3 b6 6. f3 Bb7 7. e4 d5 8. cxd5 exd5 9. e5 Nfd7 10. Bd3 Nf8 11. Ne2 Nbd7 12. 0-0 Ng6 13. f4 0-0 14. f5 Ne7 15. Bg5 f6 16. Bh4 fxe5 17. dxe5 Nxe5 18. Bc2 Ng4 19. Qd3 Nf6 20. Ng3 Qd6 21. Rae1 Ne4 22. Nxe4 dxe4 23. Qxd6 cxd6 24. Bxe7 Rfe8 25. Bxd6 Rad8 26. Bg3 e3 27. Bb3+ Kh8 28. f6 Rd2 29. fxg7+ Kxg7 30. Rf7+ Kg6 31. Rxb7 e2 32. Bf7+ 1-0

[Event "BI-2012-F-00021"]
[Site "LSS email"]
[Date "2013.02.15"]
[Round "?"]
[White "Van Esbroeck, Jeff"]
[Black "Lewis, Jerome A"]
[Result "1-0"]
[WhiteElo "686"]
[BlackElo "835"]
[PlyCount "95"]
[EventDate "2013.02.20"]
[EventType "tourn (corr)"]
[EventRounds "10"]
[EventCountry "GER"]
[SourceTitle "Telechess CBM 161"]
[Source "ChessBase"]
[SourceDate "2014.07.16"]
[SourceVersion "1"]
[SourceVersionDate "2014.07.16"]
[SourceQuality "1"]

1. e4 e6 2. d4 d5 3. e5 c5 4. c3 Nc6 5. Bb5 Qb6 6. Bxc6+ bxc6 7. Nf3 Ne7 8. 0-0 Ng6 9. Nbd2 cxd4 10. cxd4 c5 11. dxc5 Qxc5 12. Nb3 Qc7 13. Qd4 Be7 14. Re1 Bd7 15. Bg5 Qb6 16. Bxe7 Nxe7 17. Nc5 Nf5 18. Nxd7 Nxd4 19. Nxb6 Nxf3+ 20. gxf3 axb6 21. b3 0-0 22. a4 f6 23. f4 fxe5 24. fxe5 Rf4 25. Kg2 Raf8 26. Re2 h5 27. Rc1 Rg4+ 28. Kf1 Rf3 29. Rc6 Rh3 30. Rxe6 Rxb3 31. Rd2 Rxa4 32. Rxd5 Rb1+ 33. Ke2 Kf7 34. Rc6 Rb2+ 35. Kf3 Rb3+ 36. Kg2 Rg4+ 37. Kf1 Rb1+ 38. Ke2 Rb2+ 39. Kf3 Rb3+ 40. Ke2 Ke7 41. Rd3 Rxd3 42. Kxd3 b5 43. Rb6 Rh4 44. f3 Rxh2 45. Rxb5 Ra2 46. f4 Ke6 47. Rb6+ Kf5 48. Rb4 1-0

[Event "SF-2013-0-00187"]
[Site "LSS email"]
[Date "2013.02.14"]
[Round "?"]
[White "Raines, David T"]
[Black "Lewis, Jerome A"]
[Result "1-0"]
[WhiteElo "999"]
[BlackElo "835"]
[PlyCount "59"]
[EventDate "2013.01.02"]
[EventType "tourn (corr)"]
[EventRounds "6"]
[EventCountry "GER"]
[SourceTitle "Telechess CBM 161"]
[Source "ChessBase"]
[SourceDate "2014.07.16"]
[SourceVersion "1"]
[SourceVersionDate "2014.07.16"]
[SourceQuality "1"]

1. Nf3 d5 2. c4 c6 3. g3 Nf6 4. Bg2 e6 5. 0-0 Bd6 6. cxd5 cxd5 7. d4 0-0 8. Nc3 a6 9. Bg5 Nbd7 10. Rc1 b5 11. a3 h6 12. Bxf6 Qxf6 13. e4 Qe7 14. exd5 Nb6 15. Re1 Qf6 16. Ne5 Ra7 17. Nc6 Rc7 18. Ne4 Qg6 19. Nxd6 exd5 20. Nxc8 Rfxc8 21. Ne7+ Rxe7 22. Rxe7 Rc4 23. Re8+ Kh7 24. Rxc4 bxc4 25. h3 Qf6 26. Qd2 Qc6 27. Qe3 Nc8 28. Qe5 Nd6 29. Re7 f6 30. Qe6 1-0

[Event "ZL-2013-0-01254"]
[Site "LSS email"]
[Date "2013.02.12"]
[Round "?"]
[White "Iula, Massimo"]
[Black "Lewis, Jerome A"]
[Result "1-0"]
[WhiteElo "1643"]
[BlackElo "835"]
[PlyCount "77"]
[EventDate "2013.01.20"]
[EventType "match (corr)"]
[EventRounds "2"]
[EventCountry "GER"]
[SourceTitle "Telechess CBM 161"]
[Source "ChessBase"]
[SourceDate "2014.07.16"]
[SourceVersion "1"]
[SourceVersionDate "2014.07.16"]
[SourceQuality "1"]

1. e4 c5 2. c3 Nc6 3. d4 cxd4 4. cxd4 d5 5. Nc3 e6 6. Nf3 Nge7 7. Bd3 dxe4 8. Bxe4 Nd5 9. Bg5 Be7 10. Qd2 Bxg5 11. Nxg5 h6 12. Nf3 Nce7 13. Nxd5 Nxd5 14. 0-0 0-0 15. Ne5 Bd7 16. Rfc1 a5 17. Rc5 Be8 18. Bxd5 exd5 19. Rac1 f6 20. Ng4 Rf7 21. Ne3 Bc6 22. Nf5 Qd7 23. Qf4 Qe6 24. h3 a4 25. R1c3 Bd7 26. Nd6 g5 27. Qg3 Bc6 28. Re3 Qd7 29. Nxf7 Kxf7 30. Rcc3 f5 31. f4 Rg8 32. Re5 Rg7 33. fxg5 hxg5 34. Rf3 f4 35. Rxg5 Kg8 36. Qxf4 Rxg5 37. Qxg5+ Qg7 38. Qd8+ Kh7 39. Qh4+ 1-0